000
00350pab a2200157 454500
008
180718b1999 xxu||||| |||| 00| 0 eng d
100
_a
Saxena, Nitin
245
_a
Consumer is the master
260
_c
1999
300
_a
p.7
362
_a
12 Jun
650
_a
Consumption
650
_a
Consumer protection
773
_a
Pioneer
909
_a
42337
999
_c
42337
_d
42337